|
|
|
|
| LEADER |
01422nom a2200361 u 4500 |
| 001 |
10070270 |
| 003 |
upatras |
| 005 |
20210416133724.0 |
| 008 |
090513s2005 eng |
| 020 |
|
|
|a 9780387228549
|
| 040 |
|
|
|a GR-PaULI
|c GR-PaULI
|
| 041 |
0 |
|
|a eng
|
| 100 |
1 |
|
|a Bradley, John
|9 66312
|
| 245 |
1 |
0 |
|a Integration, Growth and Cohesion in an Enlarged European Union
|h [electronic resource]
|c edited by John Bradley, George Petrakos, Iulia Traistaru
|
| 260 |
|
|
|a New York, NY
|b Springer Science + Business Media, Inc.
|c 2005
|
| 300 |
|
|
|b v.: digital
|
| 490 |
0 |
|
|a ZEI Studies in European Economics and Law
|v 7
|x 1566-788X
|
| 650 |
|
4 |
|a Economics
|9 10632
|
| 650 |
|
4 |
|a Development Europe
|x Economic policy
|9 66313
|
| 650 |
|
4 |
|a Μακροοικονομική
|9 1677
|
| 650 |
|
4 |
|a Economics/Management Science
|9 64241
|
| 650 |
|
4 |
|a Economics general
|9 64287
|
| 650 |
|
4 |
|a Development Economics
|9 18391
|
| 650 |
|
4 |
|a Ευρωπαϊκή ολοκλήρωση
|9 64309
|
| 650 |
|
4 |
|a Μακροοικονομική
|9 1677
|
| 700 |
1 |
|
|a Πετράκος, Γιώργος
|d 1960-
|9 66314
|
| 700 |
1 |
|
|a Traistaru, Iulia
|9 66315
|
| 760 |
1 |
|
|a ZEI Studies in European Economics and Law
|g 7
|x 1566-788X
|
| 852 |
|
|
|a GR-PaULI
|b ΠΑΤΡΑ
|b ΒΚΠ
|
| 856 |
4 |
0 |
|u http://dx.doi.org/10.1007/b99854
|
| 942 |
|
|
|2 ddc
|
| 952 |
|
|
|0 0
|1 0
|4 0
|7 0
|9 71725
|a LISP
|b LISP
|d 2016-04-24
|l 0
|r 2016-04-24 00:00:00
|w 2016-04-24
|y ERS
|
| 999 |
|
|
|c 46515
|d 46515
|